| 000 | 00401nam a2200157 i 4500 | ||
|---|---|---|---|
| 001 | 37824 | ||
| 003 | ES-MaACL | ||
| 005 | 20230906155641.0 | ||
| 007 | t| | ||
| 008 | 030221s1870 fr ||||1| spa d | ||
| 100 | 1 |
_aCadol, Edouard. _933403 |
|
| 245 | 1 | 0 |
_aJacques Cernol _b: comedia en 3 atos / _cEdouard Cadol. |
| 260 |
_aParis : _b[s.n.], _c1870. |
||
| 300 | _a1 v. | ||
| 852 | 4 |
_aES-MaACL _jT-731-F-4 |
|
| 999 |
_c37824 _d37824 |
||